|
|
|
|
| LEADER |
01071nam a2200241 u 4500 |
| 001 |
10064230 |
| 003 |
GR-PaULI |
| 005 |
20210117211113.0 |
| 008 |
071023s2003 gr gre |
| 952 |
|
|
|0 0
|1 0
|2 ddc
|4 0
|6 335_820000000000000_ΜΟΣ
|7 0
|9 241619
|a LISP
|b LISP
|c BSC
|d 2020-07-01
|i 147713
|l 0
|o 335.82 ΜΟΣ
|p 025000274591
|r 2020-07-01 00:00:00
|t 1
|v 2020.00
|w 2020-07-01
|y BK15
|
| 999 |
|
|
|c 145788
|d 145788
|
| 020 |
|
|
|a 960402082Χ
|
| 040 |
|
|
|a GR-PaULI
|c GR-PaULI
|b gre
|e AACR2
|
| 082 |
0 |
4 |
|a 335.82
|2 23
|
| 100 |
1 |
|
|9 110107
|a Μοσχονάς, Ανδρέας
|e συγγραφέας.
|
| 245 |
1 |
0 |
|a Ελληνικό συνδικαλιστικό κίνημα και ευρωπαϊκή ολοκλήρωση /
|b
|c Ανδρέας Μοσχονάς.
|
| 260 |
|
|
|a Αθήνα :
|b Τυπωθήτω,
|c 2003.
|
| 300 |
|
|
|a 286 σ. ;
|b
|c 21 εκ.
|
| 504 |
|
|
|a Περιλαμβάνει βιβλιογραφία και ευρετήριο.
|
| 650 |
|
4 |
|a Συνδικαλισμός
|9 7354
|
| 650 |
|
4 |
|a Εργατικές ενώσεις
|9 1537
|
| 942 |
|
|
|2 ddc
|c BK15
|
| 998 |
|
|
|c ΜΠΟΥΡΑΣ
|d 2020-06
|